| Tag |
First Indicator |
Second Indicator |
Subfields |
| LEADER |
00000cam a22000004a 4500 |
| 001 |
in00003367310 |
| 005 |
20190405190138.0 |
| 006 |
m d |
| 007 |
cr |||||||nn|n |
| 008 |
101124s2011 pau o d eng d |
| 010 |
|
|
|z 2010047387
|
| 020 |
|
|
|a 9781439907252
|
| 020 |
|
|
|z 9781439907238 (hardback)
|
| 020 |
|
|
|z 1439907234 (hardback)
|
| 020 |
|
|
|z 9781439907245 (paperback)
|
| 020 |
|
|
|z 1439907242 (paperback)
|
| 020 |
|
|
|a 1439907250
|
| 035 |
|
|
|a (MdBmJHUP)muse9781439907252
|
| 040 |
|
|
|a MdBmJHUP
|c MdBmJHUP
|d UtOrBLW
|
| 050 |
0 |
0 |
|a H61
|b .S8815 2011
|
| 082 |
0 |
0 |
|a 301.01
|2 22
|
| 245 |
0 |
4 |
|a The strange music of social life :
|b a dialogue on dialogic sociology /
|c Michael Mayerfeld Bell [and others] ; edited by Ann Goetting.
|
| 264 |
|
1 |
|a Philadelphia :
|b Temple University Press,
|c 2011.
|
| 300 |
|
|
|a 1 online resource (viii, 240 pages :) :
|b illustrations
|
| 336 |
|
|
|a text
|b txt
|2 rdacontent
|
| 337 |
|
|
|a computer
|b c
|2 rdamedia
|
| 338 |
|
|
|a online resource
|b cr
|2 rdacarrier
|
| 504 |
|
|
|a Includes bibliographical references and index.
|
| 588 |
|
|
|a Description based on print version record.
|
| 500 |
|
|
|a Electronic resource.
|
| 650 |
|
0 |
|a Human information processing.
|
| 650 |
|
0 |
|a Music.
|
| 650 |
|
0 |
|a Social sciences.
|
| 655 |
|
7 |
|a Electronic books.
|2 local
|
| 700 |
1 |
|
|a Goetting, Ann.
|
| 700 |
1 |
|
|a Bell, Michael,
|d 1957-
|
| 856 |
4 |
0 |
|u http://proxy.library.tamu.edu/login?url=http://muse.jhu.edu/books/9781439907252/
|z Connect to the full text of this electronic book
|t 0
|
| 999 |
|
|
|a MARS
|
| 999 |
f |
f |
|s e40e439f-d8eb-3ec0-a46f-fa59f51d4162
|i 5ee4eecf-f4ec-3638-ad5a-b00cbec0bcde
|t 0
|
| 952 |
f |
f |
|a Texas A&M University
|b College Station
|c Electronic Resources
|d Available Online
|t 0
|e H61 .S8815 2011
|h Library of Congress classification
|
| 998 |
f |
f |
|a H61 .S8815 2011
|t 0
|l Available Online
|